Gerimis perkahwinan
| Main Author: | |
|---|---|
| Format: | Book |
| Published: |
Shah Alam :
Marwilis Publisher ,
1992
|
MARC
| LEADER | 00000cam a2200000 7i4500 | ||
|---|---|---|---|
| 001 | 0000003497 | ||
| 002 | 000003767 | ||
| 005 | 20000330.0 | ||
| 020 | |a 9838312150 | ||
| 090 | 0 | 0 | |a F |b SHA |
| 100 | 0 | |a Shapiai Mohd.Ramly | |
| 245 | 1 | 0 | |a Gerimis perkahwinan |c Shapiai Mohd Ramly |
| 260 | |a Shah Alam : |b Marwilis Publisher , |c 1992 | ||
| 300 | |a 136 p. ; |c 18 cm. | ||
| 999 | |a 031979 |b BUKU |c PINJAMAN |e PERPUSTAKAAN KOMUNITI PETALING JAYA | ||